1930 World Cup Winners - Uruguay - Statistics

General Stats
  • This quiz has been taken 50 times
  • The average score is 11 of 22
Answer Stats
Position Answer % Correct
MF José Leandro Andrade
89%
FW Héctor Scarone
78%
DF José Nasazzi
78%
FW Pedro Cea
78%
FW Héctor Castro
61%
MF Lorenzo Fernández
61%
GK Enrique Ballestrero
50%
DF Ernesto Mascheroni
50%
FW Pedro Petrone
50%
MF Álvaro Gestido
44%
DF Domingo Tejera
44%
GK Miguel Capuccini
44%
FW Pablo Dorado
44%
FW Peregrino Anselmo
44%
FW Santos Iriarte
44%
FW Santos Urdinarán
44%
MF Ángel Melogno
39%
MF Carlos Riolfo
39%
MF Conduelo Píriz
39%
DF Emilio Recoba
39%
FW Juan Carlos Calvo
39%
FW Zoilo Saldombide
39%
No matching quizzes found
Score Distribution
Percent of People with Each Score
Percentile by Number Answered
Your Score History
You have not taken this quiz